|
|
|
|
| LEADER |
00000nam0a2200000 4500 |
| 001 |
9816 |
| 005 |
20231030182627.0 |
| 035 |
|
|
|a (RuTPU)RU\TPU\book\9871
|
| 035 |
|
|
|a BOOK00009933
|
| 090 |
|
|
|a 9816
|
| 100 |
|
|
|a 20011209d1998 m y0rusy50 ca
|
| 101 |
0 |
|
|a rus
|
| 102 |
|
|
|a RU
|
| 105 |
|
|
|a a j 000zy
|
| 200 |
1 |
|
|a Статистика геолого-разведочных работ
|e учебное пособие
|f Л. Н. Думкин
|
| 210 |
|
|
|a Москва
|d 1998
|
| 215 |
|
|
|a 173 с.
|c ил.
|
| 610 |
1 |
|
|a геология
|
| 610 |
1 |
|
|a геологоразведочные работы
|
| 610 |
1 |
|
|a статистика
|
| 610 |
1 |
|
|a хозяйственная деятельность
|
| 610 |
1 |
|
|a месторождения
|
| 610 |
1 |
|
|a запасы
|
| 610 |
1 |
|
|a учет
|
| 610 |
1 |
|
|a отчетность
|
| 610 |
1 |
|
|a окружающая среда
|
| 610 |
1 |
|
|a учебные пособия
|
| 610 |
1 |
|
|a охрана
|
| 675 |
|
|
|a 550.8.02:658.51(07)
|v 3
|
| 700 |
|
1 |
|a Думкин
|b Л. Н.
|g Лев Николаевич
|
| 801 |
|
0 |
|a RU
|b 63413507
|c 20011209
|g PSBO
|
| 801 |
|
2 |
|a RU
|b 63413507
|c 20170303
|g PSBO
|
| 942 |
|
|
|c BK
|